Statistiques concernant Culture Générale - Série 1384

Cliquez ici pour prendre le quiz!

Statistiques générales

  • Ce quiz a été pris 50 fois
  • Le résultat moyen est 5 sur 10

Statistiques - réponses

HintRéponse% Correct
Quel instrument de lancer en forme de lance, muni d'une pointe aiguë, utilise-t-on en athlétisme ?javelot
94%
Quelle est la ville natale de l'animateur de télévision Jean-Pierre Foucault ?Marseille
79%
Quel conte de Voltaire s'oppose à l'optimisme de la formule : "Tout est pour le mieux dans le meilleur des mondes possibles" ?Candide
66%
Quel violoniste très populaire, prénommé André, est surnommé le "Roi de la valse" ?André Rieu
53%
Pour la représentation des oeuvres de quel musicien le théâtre de Bayreuth a-t-il été construit ?Richard Wagner
47%
Dans le dessin animé de Disney "Le Livre de la jungle", comment s'appelle le tigre mangeur d'hommes ?Shere Khan
32%
Quel architecte et urbaniste français a dessiné les plans de la ville de Chandigarh en Inde, dans les années 1950 ?Le Corbusier
26%
Comment se prénomme le Chevalier de la charrette, l'un des plus célèbres héros de Chrétien de Troyes ?Lancelot
23%
Comment appelle-t-on l'art de la composition florale, au Japon ?Ikebana
21%
Quel est le huitième mois du calendrier républicain qui débute le 20 ou 21 avril et s'achève le 19 ou 20 mai ?Floréal
15%

Distribution des résultats

Percentile par nombre de réponses

% des personnes avec chaque résultat

Votre développement - résultats

Vous n’avez pas pris ce quiz